Background material on project management through PERT/CPM for second course on project implementation, monitoring and evaluation- power (January 19- February 10, 1978) (Record no. 503523)

000 -LEADER
fixed length control field 00515cam a22001217a 4500
008 - FIXED-LENGTH DATA ELEMENTS--GENERAL INFORMATION
fixed length control field 180718b1978 xxu||||| |||| 00| 0 eng d
082 ## - DEWEY DECIMAL CLASSIFICATION NUMBER
Classification number I57 PMPC/2/78/2
245 ## - TITLE STATEMENT
Title Background material on project management through PERT/CPM for second course on project implementation, monitoring and evaluation- power (January 19- February 10, 1978)
260 ## - PUBLICATION, DISTRIBUTION, ETC.
Place of publication, distribution, etc. New Delhi
Name of publisher, distributor, etc. Indian Institute of Public Administration
Date of publication, distribution, etc. 1978
300 ## - PHYSICAL DESCRIPTION
Extent v.p.
500 ## - GENERAL NOTE
General note Library has Vol. 2
700 ## - ADDED ENTRY--PERSONAL NAME
Personal name Indian Institute of Public Administration
Holdings
Withdrawn status Lost status Damaged status Not for loan Permanent Location Current Location Date acquired Full call number Barcode Date last seen Price effective from Koha item type
        Indian Institute of Public Administration Indian Institute of Public Administration 2018-08-04 I57 PMPC/2/78/2 GG31839 2018-08-04 2018-08-04 GG

Powered by Koha